Normal view
MARC view
- TE-34
Entry Geographic Name
001 - CONTROL NUMBER
- control field: 131254
003 - CONTROL NUMBER IDENTIFIER
- control field: NUST
005 - DATE AND TIME OF LATEST TRANSACTION
- control field: 20251020124140.0
008 - FIXED-LENGTH DATA ELEMENTS
- fixed length control field: 251020|| aca||aabn | a|a d
040 ## - CATALOGING SOURCE
- Original cataloging agency: NUST
- Transcribing agency: NUST
151 ## - HEADING--GEOGRAPHIC NAME
- Geographic name: TE-34
670 ## - SOURCE DATA FOUND
- Source citation: Work cat.: (NUST)182660: Khan , Hayat Asif Capt (TE-34) 131253, Optical tracking system /, 2001
